00488nam a2200169Ia 450000500170000000800410001704000190005804100120007708200130008910000170010224500830011926000340020230000110023665000320024770000290027985000100030820230127100253.0131103s9999 xx 000 0 und d aLoreto College aEnglish a833bMAN aMann, Thomas aLotte in weimarcThomas Mann; translated from the german by H. T. Lowe porter aNew YorkbPenguin Booksc1976 a330p.  aGerman literature - fiction aPorter, H. T. Lowe; tr. aLCLIB